000
00500nam a2200145Ia 4500
008
151213s9999 xx 000 0 und d
100
_a
মিহির মুসাবী।
245
_a
কুঠার সম্প্রদায় ।
_c
মিহির মুসাবী।
260
_a
ঢাকা
_b
আজকাল প্রকাশনী।
_c
1997
300
_a
8797 p.
650
_a
Bangla
650
_a
কবিতা
700
_a
মিহির মুসাবী।
999
_c
4582
_d
4582